<?xml version="1.0" encoding="UTF-8"?>
<marc:record xmlns:marc="http://www.loc.gov/MARC21/slim">
   <marc:leader>00000nam a2200000 a 4500</marc:leader>
   <marc:datafield ind1=" " ind2=" " tag="653">
      <marc:subfield code="a">Weihnachten</marc:subfield>
   </marc:datafield>
   <marc:datafield ind1=" " ind2=" " tag="653">
      <marc:subfield code="a">Anthologie</marc:subfield>
   </marc:datafield>
   <marc:datafield ind1=" " ind2=" " tag="653">
      <marc:subfield code="a">Erzählende Literatur: Anthologien</marc:subfield>
   </marc:datafield>
   <marc:datafield ind1="0" ind2="0" tag="245">
      <marc:subfield code="a">Endlich Weihnachten!</marc:subfield>
   </marc:datafield>
   <marc:datafield ind1="0" ind2="0" tag="245">
      <marc:subfield code="b">Geschichten über die schrecklich-schönste Zeit des Jahres</marc:subfield>
   </marc:datafield>
   <marc:datafield ind1=" " ind2="1" tag="264">
      <marc:subfield code="a">Zürich</marc:subfield>
      <marc:subfield code="b">Diogenes</marc:subfield>
      <marc:subfield code="c">2014</marc:subfield>
   </marc:datafield>
   <marc:datafield ind1="1" ind2=" " tag="490">
      <marc:subfield code="a">Diogenes-Taschenbuch</marc:subfield>
   </marc:datafield>
   <marc:datafield ind1="1" ind2=" " tag="520">
      <marc:subfield code="a">Angaben aus der Verlagsmeldung

Endlich Weihnachten! : Geschichten über die schrecklich-schönste Zeit des Jahres Endlich Weihnachten / von diverse diverse Autoren

»Und wieder nah’n die Weihnachtstage! Gott hilf mir, dass ich sie ertrage!«, kann man mit Theodor Storm stöhnen. Für andere dagegen sind die Adventszeit und Weihnachten der Höhepunkt des Jahres, und viele können es kaum erwarten, bis es endlich wieder so weit ist. ›Endlich Weihnachten‹ versammelt Weihnachtsgeschichten für Weihnachtsmuffel oder Weihnachtsfans mit herrlich hinterhältigen, ganz typischen und rundum perfekten Ingredienzen: Vanillekipferl, Weihnachtsgans, Schnee, Mitternachtsmesse, einem mit Kerzen beladenen Tannenbaum, dem Geschenke-kaufen-Stress, der Weihnachtsfeier in der Firma und vielem mehr. Autoren wie Erich Kästner, Martin Suter, Daniel Glattauer oder Sibylle Berg garantieren spannenden und beseelenden Lesegenuss.
</marc:subfield>
   </marc:datafield>
   <marc:datafield ind1=" " ind2=" " tag="020">
      <marc:subfield code="a">9783257243109</marc:subfield>
      <marc:subfield code="9">9783257243109</marc:subfield>
   </marc:datafield>
   <marc:datafield ind1=" " ind2=" " tag="020">
      <marc:subfield code="a">3257243103</marc:subfield>
      <marc:subfield code="9">3257243103</marc:subfield>
   </marc:datafield>
   <marc:datafield ind1=" " ind2=" " tag="041">
      <marc:subfield code="a">ger</marc:subfield>
   </marc:datafield>
   <marc:datafield ind1=" " ind2=" " tag="300">
      <marc:subfield code="a">282 S.</marc:subfield>
   </marc:datafield>
</marc:record>
